Data communications and networking / (Record no. 580)
[ view plain ]
| 000 -LEADER | |
|---|---|
| fixed length control field | 00887cam a2200265 4500 |
| 001 - CONTROL NUMBER | |
| control field | 802 |
| 005 - DATE AND TIME OF LATEST TRANSACTION | |
| control field | 20220426145748.0 |
| 008 - FIXED-LENGTH DATA ELEMENTS--GENERAL INFORMATION | |
| fixed length control field | 060106s2007 nyua b 001 0 eng |
| 010 ## - LIBRARY OF CONGRESS CONTROL NUMBER | |
| LC control number | 2006000013 |
| 020 ## - INTERNATIONAL STANDARD BOOK NUMBER | |
| International Standard Book Number | 0072967757 (hard copy : alk. paper) |
| International Standard Book Number | 0073250325 (hard copy : alk. paper) |
| International Standard Book Number | 9780072967753 |
| International Standard Book Number | 9780073250328 |
| 100 1# - MAIN ENTRY--PERSONAL NAME | |
| Personal name | Forouzan, Behrouz A. |
| 245 10 - TITLE STATEMENT | |
| Title | Data communications and networking / |
| Statement of responsibility, etc. | Behrouz A. Forouzan with Sophia Chung Fegan. |
| 250 ## - EDITION STATEMENT | |
| Edition statement | 4th ed. |
| 260 ## - PUBLICATION, DISTRIBUTION, ETC. | |
| Place of publication, distribution, etc. | New Delhi : |
| Name of publisher, distributor, etc. | Tata McGraw-Hill Education, |
| Date of publication, distribution, etc. | 2006. |
| 300 ## - PHYSICAL DESCRIPTION | |
| Extent | xxxiv, 1134 p. : |
| Other physical details | ill. ; |
| Dimensions | 24 cm. |
| 440 #0 - SERIES STATEMENT/ADDED ENTRY--TITLE | |
| Title | McGraw-Hill Forouzan networking series |
| 504 ## - BIBLIOGRAPHY, ETC. NOTE | |
| Bibliography, etc. note | Includes bibliographical references (p. 1107-1110) and index. |
| 650 #0 - SUBJECT ADDED ENTRY--TOPICAL TERM | |
| Topical term or geographic name entry element | Computer networks. |
| Topical term or geographic name entry element | Data transmission systems. |
| 700 1# - ADDED ENTRY--PERSONAL NAME | |
| Personal name | Fegan, Sophia Chung. |
| 942 ## - ADDED ENTRY ELEMENTS (KOHA) | |
| Source of classification or shelving scheme | Dewey Decimal Classification |
| Koha item type | Main |
| Withdrawn status | Lost status | Source of classification or shelving scheme | Damaged status | Not for loan | Collection code | Home library | Current library | Shelving location | Date acquired | Serial Enumeration / chronology | Inventory number | Full call number | Barcode | Date last seen | Copy number | Price effective from | Koha item type |
|---|---|---|---|---|---|---|---|---|---|---|---|---|---|---|---|---|---|
| Dewey Decimal Classification | Main TEST | RTC Library | RTC Library | Main opac | 26/04/2022 | 4200 | 004.6 FOR 2006 c.1 | 30005917 | 27/11/2018 | 1 | 27/11/2018 | Main | |||||
| Dewey Decimal Classification | Main TEST | RTC Library | RTC Library | Main opac | 26/04/2022 | 4164 | 004.6 FOR 2006 c.2 | 30002404 | 27/11/2018 | 2 | 27/11/2018 | Main |